MARC details
| 000 -LEADER |
| fixed length control field |
03244cam a2200505 i 4500 |
| 001 - CONTROL NUMBER |
| control field |
5993 |
| 003 - CONTROL NUMBER IDENTIFIER |
| control field |
FISKH |
| 005 - DATE AND TIME OF LATEST TRANSACTION |
| control field |
20250225092536.0 |
| 008 - FIXED-LENGTH DATA ELEMENTS--GENERAL INFORMATION |
| fixed length control field |
201201t20212021nyua b 001 0 eng d |
| 010 ## - LIBRARY OF CONGRESS CONTROL NUMBER |
| LC control number |
2020951207 |
| 020 ## - INTERNATIONAL STANDARD BOOK NUMBER |
| International Standard Book Number |
9780316451406 |
| Qualifying information |
(hardcover) |
| 020 ## - INTERNATIONAL STANDARD BOOK NUMBER |
| International Standard Book Number |
9780008309039 |
| Terms of availability |
$13.00 |
| 020 ## - INTERNATIONAL STANDARD BOOK NUMBER |
| International Standard Book Number |
0316451401 |
| Qualifying information |
(hardcover) |
| 020 ## - INTERNATIONAL STANDARD BOOK NUMBER |
| International Standard Book Number |
9780316266659 |
| Qualifying information |
(international paperback edition) |
| 020 ## - INTERNATIONAL STANDARD BOOK NUMBER |
| International Standard Book Number |
0316266655 |
| Qualifying information |
(international paperback edition) |
| 035 ## - SYSTEM CONTROL NUMBER |
| System control number |
(OCoLC)on1249942231 |
| 040 ## - CATALOGING SOURCE |
| Original cataloging agency |
NjBwBT |
| Language of cataloging |
eng |
| Description conventions |
rda |
| Transcribing agency |
JBL |
| Modifying agency |
JBL |
| 050 ## - LIBRARY OF CONGRESS CALL NUMBER |
| Classification number |
BF447 .K34 |
| 082 ## - DEWEY DECIMAL CLASSIFICATION NUMBER |
| Classification number |
153.83 |
| 100 1# - MAIN ENTRY--PERSONAL NAME |
| Personal name |
Kahneman, Daniel, |
| Dates associated with a name |
1934- |
| Relator term |
author. |
| 245 10 - TITLE STATEMENT |
| Title |
Noise : |
| Remainder of title |
a flaw in human judgment / |
| Statement of responsibility, etc. |
Daniel Kahneman, Olivier Sibony, Cass R. Sunstein. |
| 260 ## - PUBLICATION, DISTRIBUTION, ETC. |
| Place of publication, distribution, etc. |
London : |
| Name of publisher, distributor, etc. |
William Collins, |
| Date of publication, distribution, etc. |
2021. |
| 300 ## - PHYSICAL DESCRIPTION |
| Extent |
452 pages : |
| Other physical details |
illustrations ; |
| Dimensions |
18 cm |
| 504 ## - BIBLIOGRAPHY, ETC. NOTE |
| Bibliography, etc. note |
Includes bibliographical references and index. |
| 505 0# - FORMATTED CONTENTS NOTE |
| Formatted contents note |
Introduction: Two kinds of error -- Part I. Finding noise: Crime and noisy punishment ; A noisy system ; Singular decisions -- Part II. Your mind is a measuring instrument: Matters of judgment ; Measuring error ; The analysis of noise ; Occasion noise ; How groups amplify noise -- Part III. Noise in predictive judgments: Judgments and models ; Noiseless rules ; Objective ignorance ; The valley of the normal -- Part IV. How noise happens: Heuristics, biases, and noise ; The matching operation ; Scale ; Patterns ; The sources of noise -- Part V. Improving judgments: Better judges for better judgments ; Debiasing and decision hygiene ; Sequencing information in forensic science ; Selection and aggregation in forecasting ; Guidelines in medicine ; Defining the scale in performance ratings ; Structure in hiring ; The mediating assessments protocol -- Part VI. Optimal noise: The costs of noise reduction ; Dignity ; Rules or standards? -- Review and conclusion: Taking noise seriously -- Epilogue: A less noisy world -- Appendix A: How to conduct a noise audit -- Appendix B: A checklist for a decision observer -- Appendix C: Correcting predictions. |
| 520 ## - SUMMARY, ETC. |
| Summary, etc. |
Discusses why people make bad judgments and how to make better ones by reducing the influence of "noise"--variables that can cause bias in decision making--and draws on examples in many fields, including medicine, law, economic forecasting, forensic science, strategy, and personnel selection. |
| 650 #0 - SUBJECT ADDED ENTRY--TOPICAL TERM |
| Topical term or geographic name entry element |
Judgment. |
| 650 #0 - SUBJECT ADDED ENTRY--TOPICAL TERM |
| Topical term or geographic name entry element |
Decision making. |
| 650 #0 - SUBJECT ADDED ENTRY--TOPICAL TERM |
| Topical term or geographic name entry element |
Reasoning (Psychology) |
| 650 #0 - SUBJECT ADDED ENTRY--TOPICAL TERM |
| Topical term or geographic name entry element |
Cognitive styles. |
| 650 #7 - SUBJECT ADDED ENTRY--TOPICAL TERM |
| Topical term or geographic name entry element |
PSYCHOLOGY / Applied Psychology. |
| Source of heading or term |
bisacsh |
| 650 #7 - SUBJECT ADDED ENTRY--TOPICAL TERM |
| Topical term or geographic name entry element |
PSYCHOLOGY / Cognitive Psychology & Cognition. |
| Source of heading or term |
bisacsh |
| 650 #7 - SUBJECT ADDED ENTRY--TOPICAL TERM |
| Topical term or geographic name entry element |
PSYCHOLOGY / Social Psychology. |
| Source of heading or term |
bisacsh |
| 650 #7 - SUBJECT ADDED ENTRY--TOPICAL TERM |
| Topical term or geographic name entry element |
Cognitive styles. |
| Source of heading or term |
fast |
| Authority record control number or standard number |
(OCoLC)fst00866554 |
| 650 #7 - SUBJECT ADDED ENTRY--TOPICAL TERM |
| Topical term or geographic name entry element |
Decision making. |
| Source of heading or term |
fast |
| Authority record control number or standard number |
(OCoLC)fst00889035 |
| 650 #7 - SUBJECT ADDED ENTRY--TOPICAL TERM |
| Topical term or geographic name entry element |
Judgment. |
| Source of heading or term |
fast |
| Authority record control number or standard number |
(OCoLC)fst00984572 |
| 650 #7 - SUBJECT ADDED ENTRY--TOPICAL TERM |
| Topical term or geographic name entry element |
Reasoning (Psychology) |
| Source of heading or term |
fast |
| Authority record control number or standard number |
(OCoLC)fst01091298 |
| 655 #7 - INDEX TERM--GENRE/FORM |
| Genre/form data or focus term |
Self-help publications. |
| Source of term |
fast |
| Authority record control number or standard number |
(OCoLC)fst01941328 |
| 655 #7 - INDEX TERM--GENRE/FORM |
| Genre/form data or focus term |
Self-help publications. |
| Source of term |
lcgft |
| 700 1# - ADDED ENTRY--PERSONAL NAME |
| Personal name |
Sibony, Olivier, |
| Relator term |
author. |
| 700 1# - ADDED ENTRY--PERSONAL NAME |
| Personal name |
Sunstein, Cass R., |
| Relator term |
author. |
| 906 ## - LOCAL DATA ELEMENT F, LDF (RLIN) |
| a |
7 |
| b |
cbc |
| c |
copycat |
| d |
2 |
| e |
ncip |
| f |
20 |
| g |
y-gencatlg |
| 942 ## - ADDED ENTRY ELEMENTS (KOHA) |
| Source of classification or shelving scheme |
Dewey Decimal Classification |
| Koha item type |
Books |
| Suppress in OPAC |
No |